| 000 -LEADER |
| fixed length control field |
01062cam a2200241 a 4500 |
| 001 - CONTROL NUMBER |
| control field |
13375287 |
| 005 - DATE AND TIME OF LATEST TRANSACTION |
| control field |
20210326173025.0 |
| 008 - FIXED-LENGTH DATA ELEMENTS--GENERAL INFORMATION |
| fixed length control field |
031016s2004 ilua b 001 0 eng |
| 020 ## - INTERNATIONAL STANDARD BOOK NUMBER |
| International Standard Book Number |
9780398074777(paper) |
| 041 ## - LANGUAGE CODE |
| Language code of text/sound track or separate title |
eng |
| 080 ## - UNIVERSAL DECIMAL CLASSIFICATION NUMBER |
| Universal Decimal Classification number |
376-056.24+37.035 B-62 |
| 100 1# - MAIN ENTRY--PERSONAL NAME |
| Personal name |
Bishop, Virginia E. |
| 9 (RLIN) |
10782 |
| 245 10 - TITLE STATEMENT |
| Title |
Teaching visually impaired children / |
| Remainder of title |
by Virginia E. Bishop ; Natalie C. Barraga ; drawings by Charles Denzler and Virginia Bishop ; computer graphics and charts by Liz Broussard. |
| 250 ## - EDITION STATEMENT |
| Edition statement |
3rd ed. |
| 264 ## - PRODUCTION, PUBLICATION, DISTRIBUTION, MANUFACTURE, AND COPYRIGHT NOTICE |
| Place of production, publication, distribution, manufacture |
Springfield, Ill. : |
| Name of producer, publisher, distributor, manufacturer |
C.C. Thomas, |
| Date of production, publication, distribution, manufacture, or copyright notice |
2004. |
| 300 ## - PHYSICAL DESCRIPTION |
| Extent |
335 p. : |
| Other physical details |
ill. ; |
| Dimensions |
26 cm. |
| 650 #0 - SUBJECT ADDED ENTRY--TOPICAL TERM |
| Topical term or geographic name entry element |
Children with visual disabilities |
| General subdivision |
Education. |
| 9 (RLIN) |
10783 |
| 653 ## - INDEX TERM--UNCONTROLLED |
| keyword |
მხედველობადაქვეითებული ბავშვების სწავლება |
| 653 ## - INDEX TERM--UNCONTROLLED |
| keyword |
პედაგიგიკა |
| 700 ## - ADDED ENTRY--PERSONAL NAME |
| Personal name |
Charles Denzler |
| Relator term |
მხატვარი |
| 9 (RLIN) |
10784 |
| 700 ## - ADDED ENTRY--PERSONAL NAME |
| Personal name |
Natalie C. Barraga |
| Relator term |
წინასიტყვაობის ავტორი |
| 9 (RLIN) |
10785 |
| 942 ## - ADDED ENTRY ELEMENTS (KOHA) |
| Source of classification or shelving scheme |
|
| Koha item type |
წიგნი |